Dni mirnye, dela boevye /

Bibliographic Details
Other Authors: Seledkin, V. P. (Vladimir Petrovich)
Format: Book
Language:Russian
Published: Moskva : Voen. izd-vo, 1985.
Subjects:

MARC

Tag First Indicator Second Indicator Subfields
LEADER 00000cam a2200000 a 4500
001 in00001996413
005 20151031114346.0
008 861024s1985 ru af 000 0 ruso
010 |a  85197650  
020 |c 1.00rub 
035 |a (OCoLC)ocm14819333 
040 |a DLC  |c DLC  |d OCLCQ  |d TXA  |d UtOrBLW 
043 |a e-ur--- 
049 |a TXAM 
050 0 0 |a UA770  |b .D625 1985 
245 0 0 |a Dni mirnye, dela boevye /  |c [sostavitelʹ V.P. Seledkin]. 
264 1 |a Moskva :  |b Voen. izd-vo,  |c 1985. 
300 |a 270 pages, 16 unnumbered pages of plates :  |b illustrations ;  |c 21 cm. 
336 |a text  |b txt  |2 rdacontent 
337 |a unmediated  |b n  |2 rdamedia 
338 |a volume  |b nc  |2 rdacarrier 
651 0 |a Soviet Union  |x Armed Forces  |x Military life. 
700 1 |a Seledkin, V. P.  |q (Vladimir Petrovich) 
948 |a cataloged  |b h  |c 2004/9/27  |d c  |e tchubaryan  |f 11:24:44 am 
994 |a E0  |b TXA 
999 |a MARS 
999 f f |s 45758182-c71a-3d63-907a-5435478343c9  |i cfb1bb84-e9a1-3479-9e0c-2d07f02491b5  |t 0 
952 f f |p ric  |a Texas A&M University  |b Rellis Campus  |c Joint Library Facility  |d Remote Storage  |t 0  |e UA770 .D625 1985  |h Library of Congress classification  |i unmediated -- volume  |m A14831358255 
998 f f |a UA770 .D625 1985  |t 0  |l Remote Storage